000 00427nam a22001697a 4500
003 MPLRDC
005 20220104142558.0
008 210129b ||||| |||| 00| 0 eng d
082 _a309.8 ZJR v.4
100 _a曾近荣
245 _a少年科学制作图解. 四
_c
260 _a
_b万里书店
_c1978
300 _b
490 _a少年科学制作图解. 4
650 _a科学家总传
942 _cBK
_o309.8 ZJR v.4
999 _c32027
_d32017